NFL Top 100 2024-25 (Fantasy) - Statistics

General Stats
  • This quiz has been taken 5,251 times
  • The average score is 86 of 100
Answer Stats
Answer % Correct
CeeDee Lamb
99%
Christian McCaffrey
99%
Ja'Marr Chase
99%
Justin Jefferson
99%
Tyreek Hill
99%
A.J. Brown
98%
Amon-Ra St.Brown
98%
Josh Allen
97%
Saquon Barkley
97%
Bijan Robinson
96%
Keenan Allen
96%
Derrick Henry
95%
Jahmyr Gibbs
95%
Jalen Hurts
95%
Jonathan Taylor
95%
Kyren Williams
95%
Lamar Jackson
95%
Marquise Brown
95%
Mike Evans
95%
Patrick Mahomes
95%
Puka Nacua
95%
Breece Hall
94%
Brian Robinson Jr.
94%
Caleb Williams
94%
Javonte Williams
94%
Travis Kelce
94%
Deebo Samuel
93%
Garrett Wilson
93%
Cooper Kupp
92%
DeVonta Smith
92%
Jaylen Waddle
92%
Joe Burrow
92%
Brandon Aiyuk
91%
C.J. Stroud
91%
Dak Prescott
91%
Davante Adams
91%
DK Metcalf
91%
Najee Harris
91%
Chris Olave
90%
Josh Jacobs
90%
Sam LaPorta
90%
Kyler Murray
89%
Mark Andrews
89%
Nico Collins
89%
Tee Higgins
89%
DJ Moore
88%
Drake London
88%
George Kittle
88%
James Cook
88%
Jordan Love
88%
Marvin Harrison Jr.
88%
Anthony Richardson
87%
Brock Purdy
87%
David Montgomery
87%
De'Von Achane
87%
Aaron Jones
86%
Isiah Pacheco
86%
Tua Tagovailoa
86%
George Pickens
85%
Travis Etienne Jr.
85%
Zay Flowers
85%
Alvin Kamara
84%
Jared Goff
84%
Justin Herbert
84%
Kenneth Walker III
84%
Michael Pittman Jr.
84%
Joe Mixon
83%
Malik Nabers
83%
Tank Dell
83%
Nick Chubb
82%
Trevor Lawrence
82%
Chris Godwin
81%
Kirk Cousins
81%
Kyle Pitts
81%
Stefon Diggs
81%
Terry McLaurin
81%
Trey McBride
81%
James Conner
80%
Rashee Rice
80%
Rachaad White
79%
Amari Cooper
78%
D'Andre Swift
78%
Jordan Addison
78%
Zamir White
78%
David Njoku
76%
Raheem Mostert
76%
Rhamondre Stevenson
76%
Tony Pollard
75%
Courtland Sutton
74%
Dalton Kincaid
74%
Calvin Ridley
72%
Christian Watson
70%
DeAndre Hopkins
70%
Rome Odunze
70%
Evan Engram
68%
Christian Kirk
67%
Jake Ferguson
66%
Jayden Reed
66%
Diontae Johnson
49%
Gus Edwards
48%
No matching quizzes found
Score Distribution
Percent of People with Each Score
Percentile by Number Answered
Your Score History
You have not taken this quiz